000 00913nam a2200241Ia 4500
003 OSt
005 20220923215053.0
006 a|||||r|||| 00| 0
007 ta
008 220922b |||||||| |||| 00| 0 hin d
024 _a175,331
037 _cTextual
040 _aARTS
_cARTS
_bhin
041 _2hin
_ahin
082 _aO152:g, K9
100 _aघोष, श्याम सुन्दर
_9157719
245 0 _aसाहित्य के नये रूप
_b साहित्य के नवीनतम रूपों की सैद्धांतिक मीमांसा
246 _aSāhitya ke naye rūpa: sāhitya ke navīnatam rūpoan kī saiddhāantik mīmāansā
260 _c1969
650 _aहिन्दी साहित्य
_9156264
942 _hO152:g, K9
_cTEXL
_2CC
999 _c329035
_d329035